MARC details
| 000 -LEADER |
| campo de control de longitud fija |
01508nam a2200301 i 4500 |
| 001 - NÚMERO DE CONTROL |
| campo de control |
174907 |
| 003 - IDENTIFICADOR DE NÚMERO DE CONTROL |
| campo de control |
ES-MaACL |
| 005 - FECHA Y HORA DE LA ÚLTIMA TRANSACCIÓN |
| campo de control |
20250511131042.0 |
| 008 - DATOS DE LONGITUD FIJA--INFORMACIÓN GENERAL |
| campo de control de longitud fija |
100628s1990 fr ao |||| |dspa d |
| 080 ## - NÚMERO DE LA CLASIFICACIÓN DECIMAL UNIVERSAL |
| Número de la Clasificación Decimal Universal |
782.1(083.97) |
| 245 02 - MENCIÓN DEL TÍTULO |
| Título |
L'Opéra baroque a travers L'Europe du XVIIIe siècle / |
| Mención de responsabilidad, etc. |
Clemencic Consort. |
| 260 ## - PUBLICACIÓN, DISTRIBUCIÓN, ETC. |
| Lugar de publicación, distribución, etc. |
Paris : |
| Nombre del editor, distribuidor, etc. |
Theatre des Champs Elysees, |
| Fecha de publicación, distribución, etc. |
[1990] |
| 300 ## - DESCRIPCIÓN FÍSICA |
| Extensión |
[64] p. : |
| Otras características físicas |
il., fot. ; |
| Dimensiones |
23 cm + |
| Material acompañante/anejo |
1 libreto |
| Tamaño de la unidad |
[16] p. |
| 490 1# - MENCIÓN DE SERIE |
| Mención de serie |
Theatre des Champs Elysees. |
| -- |
Le libre opéra ; |
| Designación de volumen o secuencia |
89/90, janv.-avril, 1990 |
| 500 ## - NOTA GENERAL |
| Nota general |
Programa de las representaciones. |
| 505 8# - NOTA DE CONTENIDO CON FORMATO |
| Nota de contenido con formato |
Contiene: Argumentos de las óperas: ; |
| Título |
Testoride argonauta / |
| Mención de responsabilidad |
Gaetano Martinelli. -- |
| Título |
Dafne in Lauro / |
| Mención de responsabilidad |
Pietro Pariati. -- |
| Título |
L'Olimpiade / |
| Mención de responsabilidad |
Pietro Metastasio. -- |
| Título |
Croesus / |
| Mención de responsabilidad |
Christian Heinrich Postel. |
| 505 8# - NOTA DE CONTENIDO CON FORMATO |
| Nota de contenido con formato |
Contiene: Argumento y libreto de: ; |
| Título |
La Púrpura de la rosa / |
| Mención de responsabilidad |
livret de Pedro Calderón de la Barca ; musique de Tomás de Torrejón y Velasco( |
| Información miscelánea |
libreto, [16] p.) |
| 650 #4 - PUNTO DE ACCESO ADICIONAL DE MATERIA--TÉRMINO DE MATERIA |
| Término de materia o nombre geográfico como elemento de entrada |
Óperas- |
| Subdivisión general |
Programas. |
| 9 (RLIN) |
170038 |
| 650 #4 - PUNTO DE ACCESO ADICIONAL DE MATERIA--TÉRMINO DE MATERIA |
| Término de materia o nombre geográfico como elemento de entrada |
Óperas- |
| Subdivisión de forma |
Libretos. |
| 9 (RLIN) |
137584 |
| 650 14 - PUNTO DE ACCESO ADICIONAL DE MATERIA--TÉRMINO DE MATERIA |
| Término de materia o nombre geográfico como elemento de entrada |
|
| 9 (RLIN) |
239578 |
| 700 1# - ENTRADA AGREGADA--NOMBRE PERSONAL |
| Nombre de persona |
Metastasio, Pietro, |
| Fechas asociadas al nombre |
1698-1782 |
| 9 (RLIN) |
80719 |
| 700 1# - ENTRADA AGREGADA--NOMBRE PERSONAL |
| Nombre de persona |
Calderón de la Barca, Pedro, |
| Fechas asociadas al nombre |
1600-1681 |
| 9 (RLIN) |
239594 |
| Término indicativo de función/relación |
Libretista |
| 710 2# - ENTRADA AGREGADA--NOMBRE DE ENTIDAD CORPORATIVA |
| Nombre de entidad corporativa o nombre de jurisdicción como elemento de entrada |
Clemencic Consort. |
| 9 (RLIN) |
143171 |
| 830 0# - PUNTO DE ACCESO ADICIONAL DE SERIE-TÍTULO UNIFORME |
| Título uniforme |
Theatre des Champs Elysees. |
| -- |
Le libre opéra ; |
| Designación de volumen o secuencia |
89/90, janv.-avril, 1990 |
| 9 (RLIN) |
223808 |
| 852 4# - LOCALIZACIÓN |
| Ubicación |
ES-MaACL |
| Número de control de estantería |
2279-F-5 |
| Nota libre |
. - Biblioteca Jacinto Martínez Lacalle |
| 942 ## - ELEMENTOS DE ENTRADA SECUNDARIOS (KOHA) |
| Fuente del sistema de clasificación o colocación |
Clasificación decimal universal |